The foreign mail cancellations of New York City 1870-1878 (Record no. 2436)

000 -LEADER
fixed length control field 00535nam a22000977a 4500
008 - FIXED-LENGTH DATA ELEMENTS--GENERAL INFORMATION
fixed length control field 170626b xxu||||| |||| 00| 0 eng d
100 ## - MAIN ENTRY--AUTHOR'S NAME
Author's Name Weiss, William
245 ## - TITLE STATEMENT
Title The foreign mail cancellations of New York City 1870-1878
260 ## - PUBLICATION, DISTRIBUTION, ETC. (IMPRINT)
Place of publication, distribution, etc. [Bethlehem? PA]
Name of publisher, distributor, etc. [The Author]
Date of publication, distribution, etc. 1990
650 ## - TOPICAL TERM (Tag)
Topical term or geographic name United States -- New York -- New York City | Postal Markings | Fancy Cancels | International Mail | Postal History | 1870-1878 | 19th Century | Post Offices | Maritime Mail | Shipping Companies and Packet Service | Transoceanic Mail | Covers | Collections
Holdings
Withdrawn status Lost status Source of classification or shelving scheme Damaged status Koha normalized classification for sorting Not for loan Permanent Location Current Location Shelving location Date acquired Total Checkouts Full call number Barcode Date last seen Date last checked out Copy number Price effective from Koha item type
        G3804 N48 W432   Northern Philatelic Library Northern Philatelic Library General Stacks 06/26/2017 1 G3804 N48 W432 1003012 02/13/2021 10/22/2020 1 06/26/2017 Books

Powered by Koha